000
00245nam a22000977a 4500
999
_c
11519
_d
11519
008
190531b ||||| |||| 00| 0 eng d
020
_a
9788177394498
100
_a
Aggarwal,M.L.
_9
7232
245
_a
Mathematics-X
260
_a
New Delhi
_b
Avichal
_c
2016